| 000 | 00698nam a22001937a 4500 | ||
|---|---|---|---|
| 999 |
_c164068 _d164068 |
||
| 005 | 20190509125805.0 | ||
| 010 | _aUR-10084 | ||
| 020 |
_c350.00 _a- |
||
| 035 | _aU-8639 | ||
| 037 | _bDBAD/PUB | ||
| 082 | _a844.54 | ||
| 100 | _aر و يدا ضمير | ||
| 245 |
_aا ر د و نا و لو ں کے تا ر يخی تنا ظر ا ت _cر و يدا ضمير |
||
| 246 |
_bUrdu Novelon ki Tarikhi Tanazuraat(Urdu) _aby Dr.Ruwaida Zameer |
||
| 260 |
_a Delhi _bEducational Publishing House _c2017 ء |
||
| 270 |
_a3191،Vakil Street,Kucha Pandit,Lal Kuan, _bDelhi _e110006 _k23216162 _l00911123211540 |
||
| 300 |
_a328ص _c22 Cm.(bk) |
||
| 942 |
_2ddc _cUR _h844.54 _mر و ي |
||